[Event "VIII Weekend B"]
[Site "Gorgonzola ITA"]
[Date "2003.11.15"]
[Round "1"]
[White "Mei, Gianluca"]
[Black "Brandi, Marcello"]
[Result "1/2-1/2"]
[WhiteElo "1654"]
[BlackElo "1416"]
[PlyCount "72"]
[EventDate "2003.11.15"]

1. e4 e6 2. d4 d5 3. e5 c5 4. c3 Nc6 5. Nf3 Qb6 6. a3 a5 7. Be2 Nh6 8. Bxh6
Qxb2 9. Bc1 Qxa1 10. Qc2 c4 11. O-O a4 12. Nfd2 Bd7 13. Nxc4 dxc4 14. Bxc4 Na5
15. Bb2 Qxb2 16. Qxb2 Nxc4 17. Qxb7 Rd8 18. d5 Nxe5 19. dxe6 Bxe6 20. Qb5+ Nd7
21. Qxa4 Be7 22. f4 g6 23. Qc2 Bf5 24. Qe2 Nf6 25. Re1 Rd7 26. Nd2 O-O 27. a4
Re8 28. Kh1 Red8 29. Nf3 Bg4 30. h3 Bxf3 31. Qxf3 Kf8 32. a5 Rd3 33. Qc6 R3d6
34. Qc7 R6d7 35. Qc6 Rd6 36. Qc7 R6d7 1/2-1/2

[Event "VIII Weekend B"]
[Site "Gorgonzola ITA"]
[Date "2003.11.16"]
[Round "2"]
[White "Valsecchi, Luca"]
[Black "Mei, Gianluca"]
[Result "0-1"]
[WhiteElo "1428"]
[BlackElo "1654"]
[PlyCount "98"]
[EventDate "2003.11.15"]

1. d4 d5 2. Nf3 Nf6 3. c4 e6 4. cxd5 exd5 5. Nc3 c6 6. Bg5 Be7 7. e3 Bf5 8. Bd3
Bxd3 9. Qxd3 O-O 10. O-O Na6 11. a3 Nc7 12. b4 Ne4 13. Bxe7 Qxe7 14. Rfc1 a5
15. Qb1 Nxc3 16. Rxc3 axb4 17. Rb3 Rxa3 18. Rbxa3 bxa3 19. Qxb7 f6 20. Qxc6 Rb8
21. h3 Rb2 22. Qa4 Qd6 23. g3 Nb5 24. Qa8+ Kf7 25. Qb7+ Nc7 26. Qa7 Rb3 27. Rc1
Rxe3 28. Qxc7+ Qxc7 29. Rxc7+ Re7 30. Rxe7+ Kxe7 31. Nd2 Kd7 32. Kf1 Kc6 33.
Nb3 Kb5 34. Ke2 Kb4 35. Na1 Kc3 36. Kd1 Kb2 37. Nc2 a2 38. Kd2 h5 39. f4 f5 40.
h4 Kb3 41. Kc1 Kc3 42. Na1 Kxd4 43. Kb2 Ke3 44. Nc2+ Kf3 45. Nd4+ Ke4 46. Ne6
g6 47. Nf8 d4 48. Nxg6 d3 49. Ne5 d2 0-1

[Event "VIII Weekend B"]
[Site "Gorgonzola ITA"]
[Date "2003.11.16"]
[Round "3"]
[White "Mei, Gianluca"]
[Black "Cambieri, Mario"]
[Result "1/2-1/2"]
[WhiteElo "1654"]
[BlackElo "1774"]
[PlyCount "37"]
[EventDate "2003.11.15"]

1. e4 c5 2. Nc3 d6 3. f4 g6 4. Nf3 Bg7 5. g3 Nc6 6. Bg2 Nf6 7. O-O O-O 8. d3
Bd7 9. h3 e5 10. f5 h6 11. g4 g5 12. Nxg5 hxg5 13. Bxg5 Qc8 14. Bxf6 Bxf6 15.
Nd5 Qd8 16. g5 Bxg5 17. Qh5 f6 18. Qg6+ Kh8 19. Qh5+ 1/2-1/2

[Event "VIII Weekend B"]
[Site "Gorgonzola ITA"]
[Date "2003.11.22"]
[Round "4"]
[White "Faccio, Fabio"]
[Black "Mei, Gianluca"]
[Result "1/2-1/2"]
[WhiteElo "1549"]
[BlackElo "1654"]
[PlyCount "74"]
[EventDate "2003.11.15"]

1. e4 e5 2. Nf3 Nc6 3. Bc4 Bc5 4. c3 Qe7 5. O-O d6 6. d4 Bb6 7. h3 Nf6 8. Re1
O-O 9. Bg5 h6 10. Bh4 g5 11. Bg3 Nh5 12. Nxe5 Nxe5 13. Bxe5 dxe5 14. Qxh5 Qf6
15. Re3 exd4 16. Rf3 Qg7 17. e5 Be6 18. Nd2 Bxc4 19. Nxc4 dxc3 20. bxc3 Qg6 21.
Qxg6+ fxg6 22. Nxb6 axb6 23. Re3 Kf7 24. Rd1 Ke7 25. Rd2 Rad8 26. Rd4 Rxd4 27.
cxd4 Rd8 28. Rc3 Rxd4 29. Rxc7+ Rd7 30. Rc8 Ke6 31. Re8+ Re7 32. Rh8 h5 33. Rg8
Kf5 34. g4+ hxg4 35. hxg4+ Kxg4 36. Rxg6 Rxe5 37. Rxb6 Ra5 1/2-1/2

[Event "VIII Weekend B"]
[Site "Gorgonzola ITA"]
[Date "2003.11.23"]
[Round "5"]
[White "Mei, Gianluca"]
[Black "Santelli, Francesco"]
[Result "1/2-1/2"]
[WhiteElo "1654"]
[BlackElo "1647"]
[PlyCount "76"]
[EventDate "2003.11.15"]

1. e4 c5 2. Nc3 Nc6 3. f4 d6 4. Nf3 g6 5. g3 Bg7 6. Bg2 Bg4 7. d3 Nd4 8. h3
Bxf3 9. Bxf3 e5 10. Nd5 Ne7 11. Nxe7 Qxe7 12. c3 Nc6 13. O-O b5 14. f5 a5 15.
Be3 h5 16. Qd2 Bf6 17. fxg6 fxg6 18. h4 O-O-O 19. Bg2 Rhf8 20. Bh3+ Kc7 21. Rf2
Rf7 22. Raf1 Rdf8 23. Bh6 Rh8 24. Bg5 Rhf8 25. Rxf6 Rxf6 26. Rxf6 Rxf6 27. Bxf6
Qxf6 28. Qf2 Qxf2+ 29. Kxf2 b4 30. g4 a4 31. gxh5 a3 32. bxa3 bxc3 33. h6 c2
34. h7 c1=Q 35. h8=Q Qf4+ 36. Kg2 Qd2+ 37. Kg1 Qe3+ 38. Kh2 Qf4+ 1/2-1/2

[Event "VIII Weekend B"]
[Site "Gorgonzola ITA"]
[Date "2003.11.23"]
[Round "6"]
[White "Squillante, Michele"]
[Black "Mei, Gianluca"]
[Result "1/2-1/2"]
[WhiteElo "1672"]
[BlackElo "1654"]
[PlyCount "139"]
[EventDate "2003.11.15"]

1. d4 d5 2. Nf3 Nf6 3. Bg5 e6 4. Nbd2 c5 5. e3 Nc6 6. c3 Be7 7. Bd3 Bd7 8. O-O
cxd4 9. exd4 Rc8 10. Ne5 O-O 11. Nxd7 Nxd7 12. Bxe7 Qxe7 13. Re1 Rfe8 14. Re3
Nf8 15. Qe2 Qd6 16. Re1 Ne7 17. Nf3 Neg6 18. g3 a6 19. Ne5 Rc7 20. Nxg6 Nxg6
21. f4 Rce7 22. Qc2 Qc7 23. Kf2 Nf8 24. f5 exf5 25. Rxe7 Rxe7 26. Rxe7 Qxe7 27.
Bxf5 g6 28. Bd3 Ne6 29. Qe2 Qf6+ 30. Qf3 Kg7 31. h4 h6 32. a4 a5 33. Qxf6+ Kxf6
34. Kf3 g5 35. h5 Ng7 36. g4 Ne6 37. Bf5 Nd8 38. Ke3 Ke7 39. Kd3 Kd6 40. b3 Nc6
41. Bc8 Kc7 42. Bf5 Ne7 43. Bh7 Kd6 44. c4 b6 45. Kc3 Kc6 46. Bd3 Kd6 47. b4
dxc4 48. Kxc4 Nd5 49. bxa5 bxa5 50. Kb5 Nc3+ 51. Kxa5 Kd5 52. Kb4 Kxd4 53. Bf5
Nd5+ 54. Kb5 Nc3+ 55. Kb4 Nd5+ 56. Kb3 Kc5 57. Bd7 f6 58. Be6 Nc7 59. Bc4 Ne8
60. a5 Nd6 61. Be2 f5 62. a6 Kb6 63. gxf5 Nxf5 64. Kc3 Ng3 65. Bf3 Kxa6 66. Kd4
Kb6 67. Ke5 Kc5 68. Kf6 Kd6 69. Kg6 Ke6 70. Kxh6 1/2-1/2